Statistics for Star Wars Jedi: Fallen Order Planets

Click here to take the quiz!

General Stats

  • This quiz has been taken 27 times
  • The average score is 6 of 7

Answer Stats

Answer% Correct
Zeffo
90%
Bogano
85%
Dathomir
85%
Kashyyyk
85%
Bracca
70%
Ilum
70%
Nur
65%

Score Distribution

Percentile by Number Answered

Percent of People with Each Score

Your Score History

You have not taken this quiz